Yosso, el cisne de Valbuxán (Record no. 9946)

MARC details
000 -LEADER
campo de control de longitud fija 00833nam a2200277 i 4500
001 - NÚMERO DE CONTROL
campo de control 9946
003 - IDENTIFICADOR DE NÚMERO DE CONTROL
campo de control ES-MaACL
005 - FECHA Y HORA DE LA ÚLTIMA TRANSACCIÓN
campo de control 20230906145805.0
007 - CAMPO FIJO DE DESCRIPCIÓN FÍSICA--INFORMACIÓN GENERAL
campo de control de longitud fija t|
008 - DATOS DE LONGITUD FIJA--INFORMACIÓN GENERAL
campo de control de longitud fija 940527s1989 sp ||||1| spa d
020 ## - NÚMERO INTERNACIONAL ESTÁNDAR DEL LIBRO
Número Internacional Estándar del Libro 84-85858-33-6
080 ## - NÚMERO DE LA CLASIFICACIÓN DECIMAL UNIVERSAL
Número de la Clasificación Decimal Universal 75(46)"1943/..." Yosso
080 ## - NÚMERO DE LA CLASIFICACIÓN DECIMAL UNIVERSAL
Número de la Clasificación Decimal Universal 7 Yosso
080 ## - NÚMERO DE LA CLASIFICACIÓN DECIMAL UNIVERSAL
Número de la Clasificación Decimal Universal 86-14"19"
080 ## - NÚMERO DE LA CLASIFICACIÓN DECIMAL UNIVERSAL
Número de la Clasificación Decimal Universal 869.9-14"19"
080 ## - NÚMERO DE LA CLASIFICACIÓN DECIMAL UNIVERSAL
Número de la Clasificación Decimal Universal 86(Xosé de Valbuxán 3.01)
080 ## - NÚMERO DE LA CLASIFICACIÓN DECIMAL UNIVERSAL
Número de la Clasificación Decimal Universal 869.9(Xosé de Valbuxán 3.01)
245 00 - MENCIÓN DEL TÍTULO
Título Yosso, el cisne de Valbuxán
Resto del título : [antología crítica-antología poética].
260 ## - PUBLICACIÓN, DISTRIBUCIÓN, ETC.
Lugar de publicación, distribución, etc. [Orense] :
Nombre del editor, distribuidor, etc. Obra Cultural, Caixa Ourense,
Fecha de publicación, distribución, etc. 1989.
300 ## - DESCRIPCIÓN FÍSICA
Extensión 382 p. :
Otras características físicas il. col. y n. ;
Dimensiones 30 cm.
500 ## - NOTA GENERAL
Nota general Texto castellano y gallego.
600 14 - PUNTO DE ACCESO ADICIONAL DE MATERIA--NOMBRE DE PERSONA
Nombre de persona Xosé de Valbuxán.
9 (RLIN) 117522
600 14 - PUNTO DE ACCESO ADICIONAL DE MATERIA--NOMBRE DE PERSONA
Nombre de persona Yosso.
9 (RLIN) 117672
700 1# - ENTRADA AGREGADA--NOMBRE PERSONAL
Nombre de persona Yosso.
9 (RLIN) 117672
852 ## - LOCALIZACIÓN
Ubicación ES-MaACL
Número de control de estantería L-17473
Sublocalización o colección R.122690
Holdings
Estatus retirado Estado de pérdida Estado de daño No para préstamo Biblioteca de origen Biblioteca actual Ubicación en estantería Fecha de adquisición Fuente de adquisición Total de préstamos Signatura topográfica completa Código de barras Visto por última vez Precio de reemplazo Tipo de ítem Koha
        Biblioteca del Ateneo de Madrid Biblioteca del Ateneo de Madrid Depósito 2 17/01/2008     L-17473 1010153 23/02/2023 23/02/2023 Libro impreso